Možnosti využitia nízkoenergetického odpadného tepla v letných mesiacoch diplomová práca

Salvato in:
Dettagli Bibliografici
Autore principale: Zavada, Roman
Natura: Libro
Lingua:slovacco
Pubblicazione: Bratislava STU FCHPT 2013
Accesso online:Visualizza in OPAC
Tags: Aggiungi Tag
Nessun Tag, puoi essere il primo ad aggiungerne!!

MARC

LEADER 00000nam a2200000 a 4500
005 20260127134301.0
008 130814 2013 000 0 slo d
035 |a vtls010535143 
039 9 |y 201308141226  |z mschk03 
040 |a STUSCHK1  |b slo  |c STUSCHK1  |e AACR2 
100 1 |a Zavada, Roman 
245 1 |a Možnosti využitia nízkoenergetického odpadného tepla v letných mesiacoch  |b diplomová práca  |c Roman Zavada 
260 |a Bratislava  |b STU FCHPT  |c 2013 
300 |a 98 s.  |b il.  |c 30 cm 
500 |a Obhájené: 10.06.2013 
500 |a Štud. odbor: Chemické inžinierstvo 
500 |a Škol. pracovisko: Odd. chemického inžinierstva 
500 |a Evid. číslo: FCHPT-5433-58165 
910 |a SCHK95 
999 |c 8755  |d 8755